000 01116nam a2200313 c 4500
001 17741
003 ES-MaCES
005 20141221122512.0
008 050708s2005 sp d t 000 | spa d
035 _aCES20050007131m
040 _aES-MaCES
_bspa
_cES-MaCES
245 0 4 _aUna nueva estrategia para el sector eléctrico español
_b: una visión de largo plazo en el contexto de Kioto
260 _a[Madrid]
_bCírculo de Empresarios
_c2005
300 _a42 p.
_c30 cm
490 1 _aDocumentos Círculo
541 _cGratuito
611 2 4 _aConferencia de las partes de la Convención Marco de las Naciones Unidas sobre el Cambio Climático
_n
_d1997
_cKioto
_9382
650 4 _aenergía eléctrica
_927761
650 4 _asector económico
_930015
650 4 _aindustria eléctrica
_930787
650 4 _apolítica energética
_929399
650 4 _aEspaña
_926964
653 1 0 _aIndustria-Energía
710 2 _aCírculo de Empresarios
_eed.
_91954
830 0 _aDocumentos Círculo
_932346
902 _aDOC Literatura gris
942 _2CES
_cBK
_h5.2.
999 _c17741
_d17741